Państwa nieuznawane (lub częściowo uznawane) wg. powierzchni - Statystyki

Ogólne statystyki
  • Ten quiz został rozwiązany 29 razy
  • Średni wynik to 5 z 13
Statystyki odpowiedzi
Powierzchnia Państwo % Poprawnych
266 000 km² Sahara Zachodnia
81%
10 887 km² Kosowo
54%
137 600 km² Somaliland
50%
4163 km² Naddniestrze
42%
35 801 km² Tajwan
42%
8550 km² Abchazja
38%
11 458 km² Górski Karabach
35%
3,900 km2 Osetia Południowa
35%
3355 km² Cypr Północny
31%
6,020 km2 Palestyna
31%
7 853 km² Doniecka Republika Ludowa
27%
8 377 km² Ługańska Republika Ludowa
27%
78 736 km² Kurdystan
12%
Nie znaleziono quizów pasujących do podanych kryteriów
Rozkład punktacji
Procent ludzi z każdym wynikiem
Percentyl według liczby udzielonych odpowiedzi
Twoja historia wyników
Nie rozwiązałeś tego quizu